[Event "Wuerttemberg-chT Rapid"]
[Site "Boeblingen"]
[Date "2024.04.13"]
[Round "4.15"]
[White "Wunder, Niklas"]
[Black "Sulzbacher, Kurt"]
[Result "1-0"]
[WhiteElo "2071"]
[BlackElo "1976"]
[PlyCount "73"]
[EventDate "2024.04.13"]
[EventType "team-tourn"]
[EventRounds "9"]
[EventCountry "GER"]
[SourceTitle "CB17_2024"]
[SourceDate "2024.04.24"]
[SourceVersion "1"]
[SourceVersionDate "2024.04.24"]
[SourceQuality "1"]

1. e4 e5 2. Nf3 Nc6 3. Bc4 Bc5 4. b4 Bxb4 5. c3 Be7 6. d4 Na5 7. Be2 d6 8. Qa4+ c6 9. dxe5 dxe5 10. Nxe5 Nf6 11. 0-0 0-0 12. Rd1 Qc7 13. Bf4 b5 14. Qc2 Qb6 15. Nd2 Be6 16. a4 Rfd8 17. axb5 cxb5 18. Rdb1 a6 19. Rxa5 Qxa5 20. Nc6 Qa3 21. Nxd8 Rxd8 22. Nf3 Rc8 23. Be5 Bc4 24. Bxf6 Bxf6 25. e5 Be7 26. Qf5 Qc5 27. Bxc4 Qxc4 28. Re1 g6 29. Qd7 Qe6 30. Qb7 Rxc3 31. Nd4 Qc4 32. Qxe7 Qxd4 33. e6 Qg7 34. Qe8+ Qf8 35. exf7+ Kg7 36. Qe5+ Kxf7 37. Qxc3 1-0

[Event "Kiel op 34th"]
[Site "Kiel"]
[Date "2022.08.02"]
[Round "6"]
[White "Sauer, Tim"]
[Black "Wunder, Niklas"]
[Result "1/2-1/2"]
[WhiteElo "1731"]
[BlackElo "2079"]
[PlyCount "77"]
[EventDate "2022.07.30"]
[EventType "swiss"]
[EventRounds "9"]
[EventCountry "GER"]
[SourceTitle "CBM 209 Extra"]
[Source "ChessBase"]
[SourceDate "2022.09.30"]
[SourceVersion "1"]
[SourceVersionDate "2022.09.30"]
[SourceQuality "1"]

1. e4 c6 2. Nf3 d5 3. d3 dxe4 4. dxe4 Qxd1+ 5. Kxd1 Nf6 6. Nbd2 g6 7. Ne1 h5 8. h4 Ng4 9. Nd3 Bh6 10. Nc4 Bxc1 11. Rxc1 Be6 12. Nce5 Nxe5 13. Nxe5 Nd7 14. Nd3 f6 15. Kd2 0-0-0 16. Ke3 Kc7 17. g3 g5 18. Be2 Bf7 19. g4 gxh4 20. Rxh4 hxg4 21. Rch1 Rxh4 22. Rxh4 Bxa2 23. b3 a5 24. Bxg4 Ne5 25. Nxe5 fxe5 26. Rh7 Bb1 27. Rxe7+ Kb6 28. Rxe5 Bxc2 29. Be6 Rd3+ 30. Ke2 Rd4 31. f4 Rxe4+ 32. Rxe4 Bxe4 33. Ke3 Bd5 34. Bxd5 cxd5 35. Kd4 Kc6 36. f5 b5 37. f6 Kd6 38. f7 Ke7 39. Kxd5 1/2-1/2

[Event "Oberliga Wuerttemberg 1920"]
[Site "Wuerttemberg"]
[Date "2019.12.15"]
[Round "5.6"]
[White "Wunder, Niklas"]
[Black "Frick, Christoph"]
[Result "1/2-1/2"]
[WhiteElo "2055"]
[BlackElo "2092"]
[PlyCount "91"]
[EventDate "2019.09.15"]
[EventType "team-tourn"]
[EventRounds "9"]
[EventCountry "GER"]
[SourceTitle "EXT 2021"]
[Source "ChessBase"]
[SourceDate "2020.10.23"]
[SourceVersion "1"]
[SourceVersionDate "2020.10.23"]
[SourceQuality "1"]
[WhiteTeam "Weiler im Allgaeu"]
[BlackTeam "Bebenhausen"]
[WhiteTeamCountry "GER"]
[BlackTeamCountry "GER"]

1. d4 d5 2. c4 c6 3. Nf3 Nf6 4. e3 e6 5. b3 Nbd7 6. Bd3 Bd6 7. Bb2 Ne4 8. 0-0 0-0 9. Nbd2 f5 10. Ne5 Qh4 11. f3 Nxe5 12. dxe5 Nxd2 13. Qxd2 Bc5 14. b4 Bb6 15. c5 Bc7 16. a4 Bd7 17. b5 Rf7 18. Bd4 g5 19. b6 Bd8 20. g3 Qh6 21. bxa7 Rxa7 22. a5 Qf8 23. a6 bxa6 24. Rxa6 Rxa6 25. Bxa6 Be7 26. Qb4 h5 27. f4 h4 28. Rf2 hxg3 29. hxg3 Rg7 30. Rg2 Be8 31. Bc8 Rg6 32. Qb6 Qg7 33. Qb2 Kf7 34. Kf1 gxf4 35. gxf4 Rg3 36. Rxg3 Qxg3 37. Qg2 Qh4 38. Ke2 Qh6 39. Kd3 Kf8 40. Bb7 Qh5 41. Kd2 Bd8 42. Bc3 Qh7 43. Bc8 Qa7 44. Qh3 Qa2+ 45. Ke1 Qb1+ 46. Kd2 1/2-1/2

[Event "Imperia op-A 50th"]
[Site "Imperia"]
[Date "2018.09.02"]
[Round "1.2"]
[White "Wunder, Niklas"]
[Black "Harutjunyan, Gevorg"]
[Result "0-1"]
[WhiteElo "2101"]
[BlackElo "2441"]
[PlyCount "42"]
[EventDate "2018.09.02"]
[EventType "swiss"]
[EventRounds "9"]
[EventCountry "ITA"]
[SourceTitle "EXT 2024"]
[Source "ChessBase"]
[SourceDate "2023.10.10"]
[SourceVersion "1"]
[SourceVersionDate "2023.10.10"]
[SourceQuality "1"]

1. Nf3 Nf6 2. e3 g6 3. d4 Bg7 4. c4 0-0 5. Nc3 c5 6. d5 d6 7. Be2 e6 8. 0-0 exd5 9. cxd5 Na6 10. Nd2 Rb8 11. e4 Re8 12. f4 c4 13. e5 dxe5 14. Nxc4 b5 15. fxe5 Nxd5 16. Nxd5 bxc4 17. Bxc4 Be6 18. Bf4 Rxb2 19. Qd4 Rb4 20. Rab1 Ra4 21. Rfd1 Bxd5 0-1

[Event "Oberliga Wuerttemberg 1617"]
[Site "Wuerttemberg"]
[Date "2017.02.05"]
[Round "7.3"]
[White "Wunder, Niklas"]
[Black "Frick, Christoph"]
[Result "1/2-1/2"]
[WhiteElo "2106"]
[BlackElo "2238"]
[PlyCount "104"]
[EventDate "2016.09.25"]
[EventType "team-tourn"]
[EventRounds "11"]
[EventCountry "GER"]
[SourceTitle "EXT 2019"]
[Source "ChessBase"]
[SourceDate "2018.10.10"]
[SourceVersion "1"]
[SourceVersionDate "2018.10.10"]
[SourceQuality "1"]
[WhiteTeam "Weiler im Allgaeu"]
[BlackTeam "Bebenhausen"]
[WhiteTeamCountry "GER"]
[BlackTeamCountry "GER"]

1. d4 d5 2. c4 c6 3. Nf3 Nf6 4. e3 Bg4 5. Nc3 e6 6. Qb3 Qb6 7. c5 Qc7 8. Ne5 Bf5 9. f4 Nbd7 10. Be2 Nxe5 11. fxe5 Nd7 12. 0-0 Be7 13. Bf3 b6 14. e4 dxe4 15. cxb6 Qxb6 16. Qxb6 Nxb6 17. Nxe4 0-0-0 18. Rd1 Bxe4 19. Bxe4 c5 20. Be3 Nc4 21. Bf2 Nxb2 22. Rdc1 Kc7 23. Rab1 Rb8 24. dxc5 Rhd8 25. c6 a5 26. Bc5 Bxc5+ 27. Rxc5 Rd4 28. Bf3 Na4 29. Rcb5 Rb4 30. R1xb4 axb4 31. Ra5 Nc3 32. Ra7+ Kb6 33. Rxf7 Nxa2 34. c7 Rc8 35. Bg4 Rxc7 36. Bxe6 Nc1 37. Rf8 Nd3 38. Bg8 g6 39. e6 Kc5 40. Rf7 Kd6 41. Bxh7 Ne5 42. Rxc7 Kxc7 43. e7 Kd7 44. Bg8 Kxe7 45. Kf1 Kd6 46. Ke2 Kc5 47. h3 Kd4 48. Kd2 Nc4+ 49. Bxc4 Kxc4 50. Kc2 Kd4 51. h4 Ke4 52. g4 Kf4 1/2-1/2

[Event "Oberliga Wuerttemberg 1617"]
[Site "Wuerttemberg"]
[Date "2017.01.15"]
[Round "6.5"]
[White "Lorscheid, Gerhard"]
[Black "Wunder, Niklas"]
[Result "1-0"]
[WhiteElo "2253"]
[BlackElo "2106"]
[PlyCount "51"]
[EventDate "2016.09.25"]
[EventType "team-tourn"]
[EventRounds "11"]
[EventCountry "GER"]
[SourceTitle "EXT 2019"]
[Source "ChessBase"]
[SourceDate "2018.10.10"]
[SourceVersion "1"]
[SourceVersionDate "2018.10.10"]
[SourceQuality "1"]
[WhiteTeam "Stuttgart SF"]
[BlackTeam "Weiler im Allgaeu"]
[WhiteTeamCountry "GER"]
[BlackTeamCountry "GER"]

1. g3 Nf6 2. Bg2 d5 3. c4 d4 4. d3 e5 5. Nf3 Nc6 6. 0-0 Bc5 7. b4 Bxb4 8. Nxe5 Nxe5 9. Qa4+ Nc6 10. Bxc6+ bxc6 11. Qxb4 Bh3 12. Re1 Nd7 13. Ba3 c5 14. Qa5 0-0 15. Bxc5 Nxc5 16. Qxc5 Re8 17. Nd2 Re6 18. Nf3 Rd6 19. Rab1 f5 20. Rb7 Rc8 21. Rxa7 f4 22. Qg5 Qd7 23. Qxf4 Rf8 24. Qe4 Qd8 25. c5 Rd7 26. Qh4 1-0

[Event "Kiel op-A 29th"]
[Site "Kiel"]
[Date "2016.08.05"]
[Round "9"]
[White "Dhanush, Bharadwaj"]
[Black "Wunder, Niklas"]
[Result "1-0"]
[WhiteElo "2296"]
[BlackElo "2089"]
[PlyCount "117"]
[EventDate "2016.07.30"]
[EventType "swiss"]
[EventRounds "9"]
[EventCountry "GER"]
[SourceTitle "EXT 2017"]
[Source "ChessBase"]
[SourceDate "2016.10.25"]
[SourceVersion "1"]
[SourceVersionDate "2016.10.25"]
[SourceQuality "1"]

1. c4 c6 2. g3 d5 3. Bg2 Nf6 4. Nf3 Bg4 5. Ne5 Bf5 6. cxd5 cxd5 7. 0-0 e6 8. d3 Nbd7 9. Bf4 Be7 10. Nc3 Nxe5 11. Bxe5 0-0 12. Rc1 Rc8 13. Qb3 Nd7 14. Bd4 Bc5 15. Bxc5 Nxc5 16. Qa3 Qb6 17. b4 Qa6 18. Qxa6 Nxa6 19. a3 Nc7 20. e4 Bg6 21. exd5 Nxd5 22. Bxd5 exd5 23. Nxd5 Rxc1 24. Ne7+ Kh8 25. Nxg6+ hxg6 26. Rxc1 Rd8 27. Rc3 Kg8 28. Kf1 Kf8 29. Ke2 Rd7 30. Ke3 Ke7 31. d4 Kd6 32. Rc8 Re7+ 33. Kd3 g5 34. h3 a6 35. Rg8 f6 36. a4 Rc7 37. b5 axb5 38. axb5 Kd5 39. Rd8+ Ke6 40. g4 Ke7 41. Rg8 Kf7 42. Rb8 Ke6 43. Ke4 Kd6 44. Rd8+ Ke7 45. Rg8 Kf7 46. Rh8 Ke6 47. f3 Kd6 48. Rd8+ Ke7 49. Rb8 Ke6 50. b6 Rd7 51. Re8+ Kd6 52. Rc8 Re7+ 53. Kf5 Re3 54. Rc7 Rxf3+ 55. Kg6 Rxh3 56. Rxb7 Kc6 57. Rxg7 Kxb6 58. Kxf6 Rd3 59. Ke5 1-0

[Event "Kiel op-A 29th"]
[Site "Kiel"]
[Date "2016.08.02"]
[Round "6"]
[White "Johansson, Thomas1111"]
[Black "Wunder, Niklas"]
[Result "1/2-1/2"]
[WhiteElo "2222"]
[BlackElo "2089"]
[PlyCount "166"]
[EventDate "2016.07.30"]
[EventType "swiss"]
[EventRounds "9"]
[EventCountry "GER"]
[SourceTitle "CBM 173 Extra"]
[Source "ChessBase"]
[SourceDate "2016.08.29"]
[SourceVersion "1"]
[SourceVersionDate "2016.08.29"]
[SourceQuality "1"]

1. Nf3 Nf6 2. c4 c6 3. d4 d5 4. e3 a6 5. Qc2 Bg4 6. Ne5 Bh5 7. cxd5 cxd5 8. Qb3 Qc7 9. Nc3 e6 10. Bd2 Nbd7 11. Rc1 Rc8 12. Ne2 Qb8 13. Rxc8+ Qxc8 14. Nf4 Bg6 15. Nexg6 hxg6 16. Bd3 Bd6 17. g3 Ng4 18. e4 g5 19. Nxe6 fxe6 20. e5 Ndxe5 21. dxe5 Nxe5 22. Be2 g4 23. Bxg4 Nxg4 24. Qa4+ Qd7 25. Qxg4 0-0 26. 0-0 Bc5 27. Kg2 Qf7 28. Bc3 Qd7 29. Be5 d4 30. Qe4 d3 31. f4 Rd8 32. Bc3 Bd4 33. Bxd4 Qxd4 34. Qxd4 Rxd4 35. b3 a5 36. Kf3 d2 37. Rd1 a4 38. Ke3 Rb4 39. bxa4 Rxa4 40. Rxd2 b5 41. Kd3 Kf7 42. Kc3 Ke7 43. Kb3 Re4 44. Rc2 Kd6 45. Rc8 Re3+ 46. Rc3 Re2 47. Rc2 Re4 48. a3 g6 49. Rc8 Re2 50. Rg8 Rxh2 51. Rxg6 Rf2 52. Rg5 Kc6 53. Re5 Rf3+ 54. Kb4 Rxg3 55. Rxe6+ Kd7 56. f5 Rf3 57. Re5 Kc6 58. Rc5+ Kb6 59. Rxb5+ Kc6 60. a4 Rf4+ 61. Ka5 Kc7 62. Re5 Kd6 63. Re6+ Kd7 64. Rf6 Ke7 65. Rc6 Rxf5+ 66. Kb6 Kd7 67. Rh6 Rf1 68. Rh5 Ra1 69. a5 Kc8 70. Rh8+ Kd7 71. Rb8 Rb1+ 72. Ka7 Ra1 73. Rb5 Kc6 74. Rh5 Rb1 75. Rh7 Ra1 76. a6 Rb1 77. Rb7 Ra1 78. Rb6+ Kc7 79. Rb7+ Kc8 80. Rb2 Rc1 81. Kb6 Kb8 82. a7+ Ka8 83. Rh2 Rc8 1/2-1/2